[Event "TUR-ch (Women)"]
[Site "Antalya"]
[Date "2018.03.08"]
[Round "6"]
[White "Yildiz, Isilay"]
[Black "Komurcu, Aleyna"]
[Result "1-0"]
[WhiteElo "1436"]
[BlackElo "1343"]
[PlyCount "83"]
[EventDate "2018.03.05"]
[EventType "swiss"]
[EventRounds "9"]
[EventCountry "TUR"]
[SourceTitle "CBM 183 Extra"]
[Source "ChessBase"]
[SourceDate "2018.04.19"]
[SourceVersion "1"]
[SourceVersionDate "2018.04.19"]
[SourceQuality "1"]

1. e4 e5 2. Nf3 Nc6 3. Bb5 a6 4. Ba4 Nf6 5. d3 b5 6. Bb3 d6 7. c3 Be7 8. h3 0-0 9. 0-0 Be6 10. Bc2 d5 11. exd5 Bxd5 12. Nbd2 Re8 13. Re1 Bd6 14. Ne4 Nxe4 15. dxe4 Be6 16. Be3 h6 17. b4 Qe7 18. a4 Red8 19. Qc1 Qf6 20. Kh2 Qe7 21. Nd2 f5 22. exf5 e4+ 23. Kg1 Bxf5 24. f4 Re8 25. Nb3 Qf6 26. Bd1 Qh4 27. Rf1 Qg3 28. Bf2 Qxf4 29. Qxf4 Bxf4 30. Bc5 g5 31. g3 Bxh3 32. gxf4 Bxf1 33. Kxf1 gxf4 34. Bh5 Red8 35. Nd4 Ne5 36. Ke2 Kh7 37. Ne6 Rd3 38. Nxf4 Rxc3 39. Bd4 Rc2+ 40. Kd1 Rh2 41. Bxe5 Rd8+ 42. Kc1 1-0